000 00990nam a2200289Ia 4500
001 Para_1129
003 CHAP
008 220125s1997 xx 000 0 und d
010 _a199783
040 _cCHAP
090 _aPA TESIS 1095
100 _aOlivar Hernández, Arturo
_983033
245 _aIdentificación, biologia, control del gusano verde y entomofauna asociado al amaranto (Amaranthus cruentus L.), en Amilcingo, Temoac, Morelos, México /
_c por Arturo Olivar Hernández
260 _aChapingo, Méx. :
_b El autor
300 _a117 h.
502 _aTesis (Ing. Agr. Esp. en Parasitología Agrícola), UACh. Depto. Parasitología
650 _aAlegria (botanica)
_9164942
650 _aAmaranthus
_95103
710 _aUACh. Departamento Parasitología Agrícola
_9164025
901 _aPA TESIS 1095
902 _aA
905 _a0000001997 a 0000000000 00
910 _a1997
942 _cPARA
942 _cPARA
_d1
999 _c199783
_d199783